Quién anda ahí? /

Hlavní autor: Urberuaga, Emilio, 1954-
Jazyk: Španělština
Vydáno: [Madrid] : Kókinos, D.L., 2011
Témata:
Fyzický popis: 29 stran : barevné ilustrace ; 27 cm
Knihy
Uloženo v:
LEADER 01299nam a2200361 i 4500
001 001525518
003 CZ BrMZK
005 20160513090922.0
007 ta
008 160510s2011 sp a b 000 j spa
020 |a 978-84-92750-39-9  |q (vázáno) 
040 |a BOA001  |b cze  |e rda 
072 7 |a 821.134.2-3  |x Španělská próza, španělsky psaná  |2 Konspekt  |9 25 
072 7 |a 821-93  |x Literatura pro děti a mládež (beletrie)  |2 Konspekt  |9 26 
080 |a 821.134.2-32  |2 MRF 
080 |a 821-93  |2 MRF 
080 |a (0:82-32)  |2 MRF 
100 1 |a Urberuaga, Emilio,  |d 1954-  |7 xx0191065  |4 aut 
245 1 0 |a Quién anda ahí? /  |c Emilio Urberuaga 
264 1 |a [Madrid] :  |b Kókinos, D.L.,  |c 2011 
300 |a 29 stran :  |b barevné ilustrace ;  |c 27 cm 
336 |a text  |b txt  |2 rdacontent 
336 |a statický obraz  |b sti  |2 rdacontent 
337 |a bez média  |b n  |2 rdamedia 
338 |a svazek  |b nc  |2 rdacarrier 
655 7 |a španělské příběhy  |7 fd183422  |2 czenas 
655 7 |a publikace pro děti  |7 fd133156  |2 czenas 
655 9 |a Spanish stories  |2 eczenas 
655 9 |a children's literature  |2 eczenas 
910 |a BOA001  |b 3-1367.398 
990 |a BK 
991 |b 201605  |c NOV 
996 7 |b 2610670107  |c 3-1367.398  |l Španělská knihovna/3.patro  |r ZHR  |n 2  |p dar  |h LI-urb  |w 001560691  |u 000010  |a 0  |e BOA001  |j MZK50  |s A